[Event "Deutsche Ländermeisterschaft 2020"]
[Site "Berlin GER"]
[Date "2020.09.30"]
[Round "1"]
[White "Arndt, Magnus"]
[Black "Pubantz, Jan"]
[Result "1/2-1/2"]
[Termination "normal"]
[Board "1.1"]
[WhiteElo "2298"]
[BlackElo "2295"]
[WhiteClock "00:19:38"]
[BlackClock "00:23:56"]
[WhiteTeam "Schleswig-Holstein"]
[BlackTeam "Niedersachsen"]
[PlyCount "123"]
[WhiteFideId "12998656"]
[BlackFideId "12996114"]
[EventCountry "GER"]
[EventRounds "7"]
[EventType "team-swiss"]
[EventDate "2020.09.29"]

1. e4 c6 2. Nf3 d5 3. Nc3 dxe4 4. Nxe4 Nf6 5. Qe2 Nxe4 6. Qxe4 Nd7 7. Bc4 Nf6
8. Ne5 e6 9. Qe2 b5 10. Bb3 Qc7 11. d4 Bd6 12. c3 O-O 13. O-O c5 14. Qxb5 a5
15. Re1 cxd4 16. cxd4 Ba6 17. Qa4 Rfb8 18. Bd1 Rb4 19. Qc2 Qxc2 20. Bxc2 Rxd4
21. Nf3 Rb4 22. Rb1 Rc8 23. Rd1 Be7 24. Bd3 Rd8 25. Bc2 Rxd1+ 26. Bxd1 Bd3 27.
Ra1 Nd5 28. Ne5 Bb5 29. a4 Re4 30. Nf3 Bd3 31. Bd2 Nb4 32. Bb3 Bc4 33. Bxc4
Rxc4 34. Bc3 Bf6 35. Nd2 Rc6 36. Bxf6 gxf6 37. Nb3 Nc2 38. Rc1 Rb6 39. Rxc2
Rxb3 40. g3 Rb4 41. b3 Rxb3 42. Rc5 Ra3 43. Rxa5 Kg7 44. Kg2 f5 45. Ra7 Kg6 46.
a5 e5 47. Ra6+ Kg7 48. h4 h5 49. Ra8 Ra2 50. a6 e4 51. Kf1 Ra1+ 52. Ke2 Ra2+
53. Ke3 Ra3+ 54. Kd4 Ra2 55. Kc5 Rxf2 56. Re8 Rd2 57. Kb6 Rb2+ 58. Kc6 Rc2+ 59.
Kb7 Rb2+ 60. Kc7 Rc2+ 61. Kb7 Rb2+ 62. Kc7 1/2-1/2

[Event "Deutsche Ländermeisterschaft 2020"]
[Site "Berlin GER"]
[Date "2020.09.30"]
[Round "1"]
[White "Knüdel, Torben"]
[Black "Popvasilev, Kaloyan"]
[Result "1/2-1/2"]
[Termination "normal"]
[Board "1.2"]
[WhiteElo "2211"]
[BlackElo "2145"]
[WhiteClock "00:18:35"]
[BlackClock "00:13:34"]
[WhiteTeam "Niedersachsen"]
[BlackTeam "Schleswig-Holstein"]
[PlyCount "107"]
[WhiteFideId "16208820"]
[BlackFideId "2919281"]
[EventCountry "GER"]
[EventRounds "7"]
[EventType "team-swiss"]
[EventDate "2020.09.29"]

1. e4 c5 2. Nf3 d6 3. d4 Nf6 4. Nc3 cxd4 5. Nxd4 Nc6 6. g3 g6 7. Bg2 Nxd4 8.
Qxd4 Bg7 9. a4 O-O 10. O-O Be6 11. Qd1 Qc8 12. Re1 Re8 13. Nd5 Bg4 14. f3 Nxd5
15. exd5 Bf5 16. c3 b5 17. axb5 Qc5+ 18. Be3 Qxb5 19. Ra2 a5 20. Bf1 Qb7 21.
Bf2 e5 22. Qd2 a4 23. c4 Reb8 24. Rea1 Qb3 25. c5 dxc5 26. Bxc5 e4 27. Qe3
Qxe3+ 28. Bxe3 Bxb2 29. Rd1 a3 30. g4 Bd7 31. fxe4 Ba4 32. Rd2 Bb3 33. Raxb2
axb2 34. Rxb2 Ra2 35. Rf2 Rxf2 36. Kxf2 Bc2 37. e5 Be4 38. Bc4 Rc8 39. d6 Kf8
40. Bb5 Rc2+ 41. Ke1 Bc6 42. Kd1 Rc3 43. Bd4 Bxb5 44. Bxc3 Ke8 45. Kd2 Kd7 46.
Ke3 Ke6 47. Kf4 Be2 48. Kg5 h5 49. gxh5 Bxh5 50. Kh6 Be2 51. Kg7 Bb5 52. Kf8
Bd7 53. Bb2 Bb5 54. Bc3 1/2-1/2

[Event "Deutsche Ländermeisterschaft 2020"]
[Site "Berlin GER"]
[Date "2020.09.30"]
[Round "1"]
[White "Khachatryan, Taron"]
[Black "Stelmaszyk, Nico"]
[Result "0-1"]
[Termination "normal"]
[Board "1.3"]
[BlackTitle "FM"]
[WhiteElo "2136"]
[BlackElo "2301"]
[WhiteClock "00:16:37"]
[BlackClock "00:11:12"]
[WhiteTeam "Schleswig-Holstein"]
[BlackTeam "Niedersachsen"]
[PlyCount "96"]
[WhiteFideId "16216598"]
[BlackFideId "16200462"]
[EventCountry "GER"]
[EventRounds "7"]
[EventType "team-swiss"]
[EventDate "2020.09.29"]

1. d4 d5 2. c4 e6 3. Nc3 c5 4. e3 Nc6 5. Nf3 Nf6 6. cxd5 exd5 7. Be2 Be7 8. O-O
O-O 9. dxc5 Bxc5 10. b3 Bg4 11. Bb2 Rc8 12. Rc1 Bd6 13. Re1 Bb8 14. Nb5 Ne4 15.
Nc3 Bxf3 16. Bxf3 Bxh2+ 17. Kf1 Be5 18. Bxe4 dxe4 19. Qxd8 Rfxd8 20. Na4 Bd6
21. Red1 f5 22. Ke2 Kf7 23. Rd5 g6 24. a3 Ke6 25. Rcd1 b6 26. b4 h5 27. Nc3 Be5
28. Rxd8 Rxd8 29. Rc1 Rc8 30. Kd2 Bxc3+ 31. Rxc3 Ne7 32. Rb3 Rc4 33. a4 Nd5 34.
Ba3 h4 35. Rb1 Rc3 36. Ra1 g5 37. b5 f4 38. exf4 Rd3+ 39. Ke2 gxf4 40. Bb2 f3+
41. gxf3 Nf4+ 42. Kf1 exf3 43. Kg1 Rd2 44. Bh8 Nh3+ 45. Kh2 Nxf2 46. a5 Kf5 47.
axb6 Ng4+ 48. Kg1 axb6 0-1

[Event "Deutsche Ländermeisterschaft 2020"]
[Site "Berlin GER"]
[Date "2020.09.30"]
[Round "1"]
[White "Payyappat, Sreyas"]
[Black "Farokhi, Keyvan"]
[Result "1/2-1/2"]
[Termination "normal"]
[Board "1.4"]
[WhiteElo "2144"]
[BlackElo "2001"]
[WhiteClock "00:05:06"]
[BlackClock "00:04:04"]
[WhiteTeam "Niedersachsen"]
[BlackTeam "Schleswig-Holstein"]
[PlyCount "114"]
[WhiteFideId "46674969"]
[BlackFideId "12998630"]
[EventCountry "GER"]
[EventRounds "7"]
[EventType "team-swiss"]
[EventDate "2020.09.29"]

1. e4 c6 2. d4 d5 3. Nc3 dxe4 4. Nxe4 Bf5 5. Ng3 Bg6 6. h4 h6 7. Nf3 Nd7 8. h5
Bh7 9. Bd3 Bxd3 10. Qxd3 e6 11. Bf4 Qa5+ 12. Bd2 Bb4 13. a3 Bxd2+ 14. Nxd2 Ngf6
15. O-O-O O-O-O 16. Nc4 Qc7 17. Qf3 Kb8 18. Rd3 Nb6 19. Ne5 c5 20. dxc5 Na4 21.
Rxd8+ Rxd8 22. Nxf7 Qxf7 23. Qf4+ Qc7 24. Qxa4 Qxc5 25. Qf4+ e5 26. Qe3 Qxe3+
27. fxe3 Ng4 28. Nf5 Rf8 29. Rh4 Nf2 30. g4 Nxg4 31. e4 Nf2 32. Nxg7 Rd8 33. c3
Rd1+ 34. Kc2 Re1 35. Nf5 Rxe4 36. Rxe4 Nxe4 37. Kd3 Nf6 38. Nxh6 Nxh5 39. Ke4
Nf4 40. Nf7 Kc7 41. Nxe5 Ne6 42. Kf5 Nc5 43. b4 Na4 44. c4 Nc3 45. Nd3 b5 46.
c5 Nb1 47. Nf4 Nxa3 48. Ke5 Nc2 49. Nd5+ Kc6 50. Ke4 Nxb4 51. Nxb4+ Kxc5 52.
Na6+ Kb6 53. Nb8 a5 54. Kd4 a4 55. Kc3 a3 56. Kb3 b4 57. Nd7+ Kb5 1/2-1/2

[Event "Deutsche Ländermeisterschaft 2020"]
[Site "Berlin GER"]
[Date "2020.09.30"]
[Round "1"]
[White "Mundt, Alexandra"]
[Black "Hommer, Jeremy"]
[Result "0-1"]
[Termination "normal"]
[Board "1.5"]
[WhiteElo "1786"]
[BlackElo "2246"]
[WhiteClock "00:26:16"]
[BlackClock "00:41:57"]
[WhiteTeam "Schleswig-Holstein"]
[BlackTeam "Niedersachsen"]
[PlyCount "72"]
[WhiteFideId "16217276"]
[BlackFideId "12992577"]
[EventCountry "GER"]
[EventRounds "7"]
[EventType "team-swiss"]
[EventDate "2020.09.29"]

1. e4 c6 2. d4 d5 3. Nd2 dxe4 4. Nxe4 Nf6 5. Nxf6+ exf6 6. c3 Bd6 7. Bd3 O-O 8.
Ne2 Re8 9. Be3 Nd7 10. Qc2 Nf8 11. O-O Qc7 12. h3 Be6 13. Rac1 Rad8 14. Rfd1
Qb8 15. c4 h5 16. Nc3 Qc8 17. d5 cxd5 18. cxd5 Bxh3 19. gxh3 Qxh3 20. Bf5 Qh2+
21. Kf1 g6 22. Be4 f5 23. Bxf5 gxf5 24. Qxf5 Ng6 25. Qg5 Qh3+ 26. Qg2 Qf5 27.
Bd4 h4 28. Ne2 h3 29. Qh1 h2 30. Rc3 Qg4 31. Re3 Bf4 32. Rxe8+ Rxe8 33. f3 Qh3+
34. Kf2 Qh4+ 35. Kf1 Bd6 36. Kg2 Rxe2+ 0-1

[Event "Deutsche Ländermeisterschaft 2020"]
[Site "Berlin GER"]
[Date "2020.09.30"]
[Round "1"]
[White "Mönster, Madita"]
[Black "Sommer, Justus"]
[Result "1-0"]
[Termination "normal"]
[Board "1.6"]
[WhiteElo "1918"]
[BlackElo "1845"]
[WhiteClock "00:17:49"]
[BlackClock "00:10:08"]
[WhiteTeam "Niedersachsen"]
[BlackTeam "Schleswig-Holstein"]
[PlyCount "115"]
[WhiteFideId "12947156"]
[BlackFideId "16245008"]
[EventCountry "GER"]
[EventRounds "7"]
[EventType "team-swiss"]
[EventDate "2020.09.29"]

1. e4 e5 2. Nf3 Nc6 3. Bb5 a6 4. Ba4 Nf6 5. O-O Be7 6. Re1 b5 7. Bb3 d6 8. c3
O-O 9. h3 Re8 10. d4 Nd7 11. a4 Na5 12. Ba2 Bf6 13. d5 Nb6 14. axb5 axb5 15.
Na3 Ba6 16. Nc2 Qd7 17. Ne3 Qd8 18. Nh2 Bc8 19. Bb1 Bd7 20. Bc2 Nac4 21. Rxa8
Nxa8 22. Nhf1 Nab6 23. Bd3 Nxe3 24. Nxe3 Qa8 25. Qf3 Rb8 26. Nf5 Bxf5 27. Qxf5
Qa6 28. Qg4 Qc8 29. Qe2 Qb7 30. Bxb5 Qc8 31. Be3 Qd8 32. c4 Nd7 33. Rc1 Bg5 34.
Bxg5 Qxg5 35. Ra1 Nc5 36. b4 Nb3 37. Rb1 Nd4 38. Qd3 Nxb5 39. cxb5 Qe7 40. Ra1
h6 41. Qc4 Qd8 42. Ra7 Rc8 43. Qc6 Kh8 44. Rb7 Kg8 45. b6 cxb6 46. Qxb6 Qxb6
47. Rxb6 Rd8 48. Kf1 Kf8 49. Ke2 Rd7 50. b5 Ke7 51. Ra6 Rb7 52. b6 Kd7 53. Kd3
g6 54. Kc4 f5 55. f3 Kc8 56. Kb5 Kd7 57. Ra7 Kc8 58. Kc6 1-0

[Event "Deutsche Ländermeisterschaft 2020"]
[Site "Berlin GER"]
[Date "2020.09.30"]
[Round "1"]
[White "Bräutigam, Katerina"]
[Black "Brunner, Sophia"]
[Result "0-1"]
[Termination "normal"]
[Board "1.7"]
[WhiteElo "1744"]
[BlackElo "1850"]
[WhiteClock "00:01:39"]
[BlackClock "00:30:02"]
[WhiteTeam "Schleswig-Holstein"]
[BlackTeam "Niedersachsen"]
[PlyCount "111"]
[WhiteFideId "16242980"]
[BlackFideId "12960683"]
[EventCountry "GER"]
[EventRounds "7"]
[EventType "team-swiss"]
[EventDate "2020.09.29"]

1. e4 e6 2. d4 d5 3. e5 c5 4. c3 Nc6 5. Nf3 Bd7 6. a3 f6 7. exf6 Nxf6 8. Bd3
Bd6 9. O-O O-O 10. Re1 Qc7 11. Nbd2 Rae8 12. Nf1 e5 13. dxe5 Nxe5 14. Nxe5 Bxe5
15. h3 Rf7 16. Be2 Bc6 17. Bf3 Rfe7 18. Bd2 d4 19. Qb3+ Kh8 20. cxd4 Bxd4 21.
Bxc6 Qxc6 22. Bc3 Bxc3 23. Qxc3 Ne4 24. Qf3 Qf6 25. Qxf6 Nxf6 26. Rxe7 Rxe7 27.
Ne3 Kg8 28. Kf1 Rd7 29. Rd1 Rxd1+ 30. Nxd1 Kf7 31. Ke2 Ke6 32. Kd3 Nd5 33. Kc4
Kd6 34. Ne3 Nxe3+ 35. fxe3 Kc6 36. a4 b6 37. e4 a6 38. Kd3 Kd6 39. Kc4 Kc6 40.
b3 b5+ 41. Kd3 Kd6 42. Ke3 Ke5 43. h4 h5 44. g3 bxa4 45. bxa4 c4 46. a5 g6 47.
Kd2 Kxe4 48. Kc3 Kd5 49. Kd2 Kd4 50. Kc2 c3 51. Kc1 Kd3 52. Kd1 c2+ 53. Kc1 Kc3
54. g4 hxg4 55. h5 g3 56. h6 0-1

[Event "Deutsche Ländermeisterschaft 2020"]
[Site "Berlin GER"]
[Date "2020.09.30"]
[Round "1"]
[White "Wilmink, Anna"]
[Black "Margaryan, Susanna"]
[Result "1-0"]
[Termination "normal"]
[Board "1.8"]
[WhiteElo "1608"]
[BlackElo "1450"]
[WhiteClock "00:05:31"]
[BlackClock "00:38:23"]
[WhiteTeam "Niedersachsen"]
[BlackTeam "Schleswig-Holstein"]
[PlyCount "103"]
[WhiteFideId "16273680"]
[BlackFideId "16268210"]
[EventCountry "GER"]
[EventRounds "7"]
[EventType "team-swiss"]
[EventDate "2020.09.29"]

1. e4 d5 2. exd5 Qxd5 3. Nc3 Qa5 4. d4 c6 5. Nf3 Bf5 6. Bc4 e6 7. Bd2 Qc7 8.
Bb3 Nf6 9. Qe2 Be7 10. O-O-O Nbd7 11. Rhe1 Nb6 12. Bg5 O-O-O 13. h3 Rhe8 14.
Bh4 Nfd5 15. Nxd5 cxd5 16. Kb1 Bxh4 17. Nxh4 Bg6 18. Nxg6 hxg6 19. Rc1 Kb8 20.
c4 dxc4 21. Bxc4 Qf4 22. Qe5+ Qxe5 23. dxe5 Rd2 24. Be2 Red8 25. Rcd1 Rxd1+ 26.
Rxd1 Rxd1+ 27. Bxd1 Nc4 28. f4 Kc7 29. b3 Ne3 30. Bf3 Nd5 31. Bxd5 exd5 32. Kc2
f6 33. Kd3 Kd7 34. Kd4 Ke6 35. h4 fxe5+ 36. fxe5 b6 37. a3 a6 38. b4 a5 39. b5
g5 40. hxg5 g6 41. a4 Ke7 42. Kxd5 Kd7 43. g3 Ke7 44. Kc6 Ke6 45. Kxb6 Kxe5 46.
Kxa5 Kd6 47. Ka6 Kc7 48. Ka7 Kd7 49. b6 Kc8 50. b7+ Kd7 51. b8=Q Kc6 52. Qb5+
1-0

[Event "Deutsche Ländermeisterschaft 2020"]
[Site "Berlin GER"]
[Date "2020.09.30"]
[Round "1"]
[White "Goldbeck, Lars"]
[Black "Färber, David"]
[Result "1/2-1/2"]
[Termination "normal"]
[Board "2.1"]
[WhiteTitle "FM"]
[WhiteElo "2273"]
[BlackElo "2321"]
[WhiteClock "00:01:48"]
[BlackClock "00:01:09"]
[WhiteTeam "Bayern"]
[BlackTeam "Baden"]
[PlyCount "106"]
[WhiteFideId "16208188"]
[BlackFideId "12971294"]
[EventCountry "GER"]
[EventRounds "7"]
[EventType "team-swiss"]
[EventDate "2020.09.29"]

1. Nf3 d5 2. c4 d4 3. b4 f6 4. Na3 e5 5. Nc2 Na6 6. Rb1 c5 7. bxc5 Nxc5 8. g3
Bd6 9. Bg2 Ne7 10. O-O O-O 11. d3 Bf5 12. Nh4 Bg4 13. h3 Bh5 14. Nb4 Rc8 15.
Qc2 Qd7 16. Nd5 Nxd5 17. Bxd5+ Bf7 18. Bg2 b6 19. Ba3 Be6 20. Kh2 f5 21. Nf3 h6
22. Rbd1 Qe7 23. Bb2 Bd7 24. Rde1 Na4 25. Bc1 b5 26. e3 dxe3 27. Rxe3 bxc4 28.
Nxe5 Bxe5 29. d4 Bxg3+ 30. fxg3 Qf7 31. Re5 Nb6 32. Rfe1 Rfe8 33. Bf4 Rxe5 34.
Bxe5 Bc6 35. Bxc6 Rxc6 36. Rf1 g6 37. g4 Nd5 38. Qg2 f4 39. Rxf4 Nxf4 40. Qxc6
Ne6 41. Kg2 Nf8 42. a4 Qe6 43. Qc7 Qf7 44. Qc5 Nd7 45. Qc8+ Nf8 46. Qc6 Qe6 47.
Qc7 Qf7 48. Qc6 Qe6 49. Qc5 Nd7 50. Qc8+ Kf7 51. Qc7 h5 52. Kg3 hxg4 53. hxg4
a6 1/2-1/2

[Event "Deutsche Ländermeisterschaft 2020"]
[Site "Berlin GER"]
[Date "2020.09.30"]
[Round "1"]
[White "Schmider, Niklas"]
[Black "Schneider, Jana"]
[Result "1-0"]
[Termination "normal"]
[Board "2.2"]
[WhiteTitle "FM"]
[BlackTitle "FM"]
[WhiteElo "2291"]
[BlackElo "2270"]
[WhiteClock "00:25:09"]
[BlackClock "00:55:06"]
[WhiteTeam "Baden"]
[BlackTeam "Bayern"]
[PlyCount "67"]
[WhiteFideId "12993778"]
[BlackFideId "12924997"]
[EventCountry "GER"]
[EventRounds "7"]
[EventType "team-swiss"]
[EventDate "2020.09.29"]

1. e4 e5 2. Nf3 Nc6 3. Bb5 a6 4. Ba4 Nf6 5. O-O b5 6. Bb3 Bc5 7. c3 d6 8. d4
Bb6 9. Be3 Bg4 10. dxe5 Nxe5 11. Bxb6 cxb6 12. Nbd2 O-O 13. h3 Bh5 14. g4 Nexg4
15. hxg4 Nxg4 16. Kg2 Ne5 17. Rh1 Bg4 18. Qe2 Qc8 19. Kf1 Qc5 20. Re1 Qc8 21.
Qe3 Bh3+ 22. Ke2 Bg4 23. Kd1 b4 24. Kc2 bxc3 25. bxc3 Nc6 26. Reg1 d5 27. Kb2
dxe4 28. Qg5 Qf5 29. Rxg4 Qxg5 30. Nxg5 Ne5 31. Rg2 Nd3+ 32. Kc2 Nxf2 33. Rxf2
e3 34. Rxf7 1-0

[Event "Deutsche Ländermeisterschaft 2020"]
[Site "Berlin GER"]
[Date "2020.09.30"]
[Round "1"]
[White "Kolb, Tobias"]
[Black "Wu, Luka"]
[Result "0-1"]
[Termination "normal"]
[Board "2.3"]
[WhiteElo "2268"]
[BlackElo "2019"]
[WhiteTeam "Bayern"]
[BlackTeam "Baden"]
[PlyCount "106"]
[WhiteFideId "12992321"]
[BlackFideId "12977420"]
[EventCountry "GER"]
[EventRounds "7"]
[EventType "team-swiss"]
[EventDate "2020.09.29"]

1. d4 d5 2. c4 c6 3. Nc3 Nf6 4. cxd5 cxd5 5. Bf4 e6 6. e3 a6 7. Nf3 Be7 8. Bd3
Nc6 9. Ne5 Bd7 10. Rc1 O-O 11. g4 Ne8 12. g5 Nxe5 13. dxe5 Bc6 14. Rg1 g6 15.
Rg3 Ng7 16. Kf1 Qb6 17. Rc2 Rfd8 18. Ne2 Rac8 19. Qc1 Rc7 20. Rg1 Rdc8 21. Nc3
Bb5 22. Qd2 Bxd3+ 23. Qxd3 Bb4 24. Kg2 Bxc3 25. bxc3 Qa5 26. Rgc1 Rc4 27. f3
Qa4 28. Bg3 Ne8 29. h4 Qc6 30. h5 b5 31. hxg6 fxg6 32. Be1 Nc7 33. Bd2 Na8 34.
Rh1 Nb6 35. Rh6 Rc7 36. e4 b4 37. Be3 Rxc3 38. Rxc3 bxc3 39. Bxb6 Qxb6 40. exd5
Qb2+ 41. Kg3 Qb5 42. Rxg6+ Kh8 43. Qc2 hxg6 44. Qxg6 Qxd5 45. Qf6+ Kg8 46. Qg6+
Kf8 47. Qh6+ Ke8 48. Qg6+ Kd7 49. Qf7+ Kc8 50. Qf8+ Kb7 51. Qb4+ Ka7 52. g6
Qxe5+ 53. f4 Qc5 0-1

[Event "Deutsche Ländermeisterschaft 2020"]
[Site "Berlin GER"]
[Date "2020.09.30"]
[Round "1"]
[White "Hecht, Jonas Christian"]
[Black "Costa, Leonardo"]
[Result "1-0"]
[Termination "normal"]
[Board "2.4"]
[WhiteElo "1764"]
[BlackElo "2336"]
[WhiteTeam "Baden"]
[BlackTeam "Bayern"]
[PlyCount "83"]
[WhiteFideId "16214846"]
[BlackFideId "16213955"]
[EventCountry "GER"]
[EventRounds "7"]
[EventType "team-swiss"]
[EventDate "2020.09.29"]

1. e4 e5 2. Nf3 Nc6 3. d4 exd4 4. Nxd4 Bc5 5. Nxc6 bxc6 6. Nc3 Qf6 7. Qd2 Qg6
8. f4 f5 9. Bd3 d6 10. Qe2 Ne7 11. Bd2 O-O 12. O-O-O Re8 13. Rde1 Bb6 14. Rhf1
fxe4 15. Bxe4 Bf5 16. Bf3 Qf7 17. g4 Bd7 18. f5 Nd5 19. Qc4 Ne3 20. Qxf7+ Kxf7
21. Bxe3 Bxe3+ 22. Kb1 Bd2 23. Rxe8 Rxe8 24. Ne4 Bf4 25. g5 Bxf5 26. Bg2 Kg6
27. Rxf4 d5 28. h4 Bxe4 29. Bh3 c5 30. Kc1 d4 31. Kd2 Re7 32. Bg4 Re8 33. Rf1
h6 34. gxh6 gxh6 35. b3 Kg7 36. Bf5 Rf8 37. Rg1+ Kf6 38. Bxe4 Ke5 39. Bd3 Rf2+
40. Be2 Rh2 41. h5 Rf2 42. Rg6 1-0

[Event "Deutsche Ländermeisterschaft 2020"]
[Site "Berlin GER"]
[Date "2020.09.30"]
[Round "1"]
[White "Junker, Magnus"]
[Black "Basovskiy, Jana"]
[Result "1-0"]
[Termination "normal"]
[Board "2.5"]
[WhiteElo "2093"]
[BlackElo "1760"]
[WhiteTeam "Bayern"]
[BlackTeam "Baden"]
[PlyCount "51"]
[WhiteFideId "16218507"]
[BlackFideId "16208617"]
[EventCountry "GER"]
[EventRounds "7"]
[EventType "team-swiss"]
[EventDate "2020.09.29"]

1. e4 c5 2. Nf3 e6 3. d4 cxd4 4. Nxd4 Nf6 5. f3 Nc6 6. Nc3 Bc5 7. Nb3 Bb6 8.
Bf4 d5 9. exd5 exd5 10. Qd2 Qe7+ 11. Be2 Be6 12. Nb5 Rd8 13. N5d4 O-O 14. O-O-O
Rc8 15. Kb1 Nxd4 16. Nxd4 Bd7 17. Rhe1 Qc5 18. c3 Rfe8 19. Bd3 Qa5 20. Nf5 Bxf5
21. Bxf5 Rxe1 22. Rxe1 Rc4 23. g4 d4 24. Qe2 g6 25. Bh6 Qb5 26. Bd3 1-0

[Event "Deutsche Ländermeisterschaft 2020"]
[Site "Berlin GER"]
[Date "2020.09.30"]
[Round "1"]
[White "Schulz, Hannah"]
[Black "Bardorz, Jana"]
[Result "0-1"]
[Termination "normal"]
[Board "2.6"]
[WhiteElo "1589"]
[BlackElo "1960"]
[WhiteTeam "Baden"]
[BlackTeam "Bayern"]
[PlyCount "40"]
[WhiteFideId "16244745"]
[BlackFideId "16208897"]
[EventCountry "GER"]
[EventRounds "7"]
[EventType "team-swiss"]
[EventDate "2020.09.29"]

1. e4 e5 2. Nf3 Nc6 3. Bc4 Bc5 4. O-O Nf6 5. d4 Bxd4 6. Nxd4 Nxd4 7. f4 d6 8.
fxe5 dxe5 9. Bg5 Qe7 10. Bxf6 gxf6 11. c3 Ne6 12. Na3 Bd7 13. Rf2 O-O-O 14. Qf3
Nf4 15. Qe3 Kb8 16. b4 Rhg8 17. Kh1 f5 18. exf5 Bc6 19. Rg1 Nxg2 20. Rfxg2 Rxg2
0-1

[Event "Deutsche Ländermeisterschaft 2020"]
[Site "Berlin GER"]
[Date "2020.09.30"]
[Round "1"]
[White "Aumüller, Naum"]
[Black "Uhlmann, Tim"]
[Result "0-1"]
[Termination "normal"]
[Board "2.7"]
[WhiteElo "1690"]
[BlackElo "1523"]
[WhiteTeam "Bayern"]
[BlackTeam "Baden"]
[PlyCount "46"]
[WhiteFideId "16263960"]
[BlackFideId "16239210"]
[EventCountry "GER"]
[EventRounds "7"]
[EventType "team-swiss"]
[EventDate "2020.09.29"]

1. e4 e5 2. Nf3 Nc6 3. Bc4 Bc5 4. d3 d6 5. h3 h6 6. c3 Nf6 7. a4 a6 8. O-O g5
9. d4 exd4 10. cxd4 Ba7 11. e5 dxe5 12. Nxe5 Nxe5 13. dxe5 Qxd1 14. Rxd1 Ne4
15. Rf1 g4 16. hxg4 Bxg4 17. Nc3 Nxc3 18. bxc3 Rg8 19. Kh1 O-O-O 20. Bxf7 Be2
21. Re1 Bxf2 22. Rxe2 Rd1+ 23. Kh2 Bg3+ 0-1

[Event "Deutsche Ländermeisterschaft 2020"]
[Site "Berlin GER"]
[Date "2020.09.30"]
[Round "1"]
[White "Haug, Mara"]
[Black "Reich, Elisabeth"]
[Result "1/2-1/2"]
[Termination "normal"]
[Board "2.8"]
[WhiteElo "1366"]
[BlackElo "1128"]
[WhiteTeam "Baden"]
[BlackTeam "Bayern"]
[PlyCount "104"]
[WhiteFideId "16259300"]
[BlackFideId "16239776"]
[EventCountry "GER"]
[EventRounds "7"]
[EventType "team-swiss"]
[EventDate "2020.09.29"]

1. e4 c5 2. Nf3 d6 3. d4 cxd4 4. Nxd4 Nf6 5. Nc3 g6 6. Be2 Bg7 7. Be3 Nc6 8.
Nb3 Bd7 9. O-O O-O 10. f4 a6 11. Bf3 Be6 12. Nd5 Bxd5 13. exd5 Na5 14. Nd2 Rc8
15. Rc1 Nc4 16. Nxc4 Rxc4 17. b3 Rc8 18. c4 Qa5 19. Qd2 Qxd2 20. Bxd2 Nd7 21.
Rfe1 Rfe8 22. Re2 Nc5 23. Be3 Nd3 24. Rd1 Nc5 25. Bf2 Bf6 26. Bg4 Rc7 27. f5
Be5 28. b4 Na4 29. Rc1 Rec8 30. Rec2 Rf8 31. c5 dxc5 32. bxc5 Nb2 33. Bg3 Bxg3
34. hxg3 Nd3 35. Rd1 Ne5 36. Bh3 Nd7 37. fxg6 hxg6 38. Bxd7 Rxd7 39. d6 exd6
40. cxd6 Rfd8 41. Rb1 Rxd6 42. Rxb7 R8d7 43. Rb8+ Kg7 44. Rbb2 Rd3 45. Kf2 Ra3
46. Rb3 Rd3 47. Rcb2 Rxa2 48. Rxa2 Rxb3 49. Rxa6 Rb2+ 50. Kf3 Rb3+ 51. Kf2 Rb2+
52. Kf3 Rb3+ 1/2-1/2

[Event "Deutsche Ländermeisterschaft 2020"]
[Site "Berlin GER"]
[Date "2020.09.30"]
[Round "1"]
[White "Muckle, Julius"]
[Black "Krastev, Alexander"]
[Result "1/2-1/2"]
[Termination "normal"]
[Board "3.1"]
[WhiteTitle "FM"]
[BlackTitle "FM"]
[WhiteElo "2427"]
[BlackElo "2340"]
[WhiteTeam "Rheinland-Pfalz"]
[BlackTeam "Nordrhein-Westfalen"]
[PlyCount "40"]
[WhiteFideId "12942430"]
[BlackFideId "12989983"]
[EventCountry "GER"]
[EventRounds "7"]
[EventType "team-swiss"]
[EventDate "2020.09.29"]

1. d4 Nf6 2. c4 g6 3. Nf3 Bg7 4. Nc3 O-O 5. g3 c5 6. Bg2 d6 7. dxc5 dxc5 8. Be3
Nc6 9. O-O Be6 10. Nd2 Rc8 11. Bxc5 Ne5 12. Bxa7 Qa5 13. Bd4 Nxc4 14. Nxc4 Rxc4
15. e3 b5 16. a3 b4 17. axb4 Qxb4 18. Ra4 Qd6 19. Qc2 Rxa4 20. Qxa4 Rb8 *

[Event "Deutsche Ländermeisterschaft 2020"]
[Site "Berlin GER"]
[Date "2020.09.30"]
[Round "1"]
[White "Niermann, Tristan"]
[Black "Hinrichs, Paul"]
[Result "1/2-1/2"]
[Termination "normal"]
[Board "3.2"]
[WhiteTitle "FM"]
[WhiteElo "2262"]
[BlackElo "2152"]
[WhiteClock "00:20:09"]
[BlackClock "00:26:43"]
[WhiteTeam "Nordrhein-Westfalen"]
[BlackTeam "Rheinland-Pfalz"]
[PlyCount "96"]
[WhiteFideId "12990698"]
[BlackFideId "12942545"]
[EventCountry "GER"]
[EventRounds "7"]
[EventType "team-swiss"]
[EventDate "2020.09.29"]

1. Nf3 d5 2. g3 Nf6 3. c4 c6 4. Bg2 g6 5. b3 Bg7 6. Bb2 O-O 7. O-O Bf5 8. d3
Nbd7 9. Nd4 Bg4 10. cxd5 cxd5 11. h3 e5 12. hxg4 exd4 13. Bxd4 Nxg4 14. Bxg7
Kxg7 15. Bxd5 Qg5 16. Bf3 Nde5 17. Nd2 f5 18. Bxg4 Qxg4 19. e3 Nxd3 20. Qxg4
fxg4 21. Rad1 Rad8 22. Ne4 Rfe8 23. Nc3 h5 24. Kg2 Ne5 25. Nb5 Rxd1 26. Rxd1 a6
27. Nd4 Rc8 28. Rd2 Kf6 29. f4 gxf3+ 30. Nxf3 Rc3 31. Nxe5 Kxe5 32. Kf3 g5 33.
Rd7 g4+ 34. Ke2 b5 35. Rh7 Ke4 36. Re7+ Kf5 37. Kd2 Rc6 38. e4+ Kf6 39. Re8 Rc5
40. Rf8+ Ke6 41. Rh8 a5 42. Kd3 a4 43. b4 Rc4 44. Rh6+ Ke7 45. a3 Rc1 46. Rxh5
Ra1 47. Rxb5 Rxa3+ 48. Ke2 Rxg3 1/2-1/2